Country by City "Q" - Statistics

General Stats
  • This quiz has been taken 62 times
    57 since last reset
  • The average score is 7 of 10
Answer Stats
City Country % Correct
Quebec City Canada
100%
Qingdao China
95%
Quito Ecuador
86%
Queretaro Mexico
77%
Qui Nhon Vietnam
70%
Quezon City Philippines
67%
Qom Iran
58%
Quiemados Brazil
47%
Quetta Pakistan
40%
Qamishli Syria
19%
No matching quizzes found
Score Distribution
Percent of People with Each Score
Percentile by Number Answered
Your Score History
You have not taken this quiz since the last reset